<?xml version="1.0" encoding="UTF-8"?>
<record
    xmlns:xsi="http://www.w3.org/2001/XMLSchema-instance"
    xsi:schemaLocation="http://www.loc.gov/MARC21/slim http://www.loc.gov/standards/marcxml/schema/MARC21slim.xsd"
    xmlns="http://www.loc.gov/MARC21/slim">

  <leader>01965    a2200277   4500</leader>
  <controlfield tag="005">20080910122932.0</controlfield>
  <datafield tag="010" ind1=" " ind2=" ">
    <subfield code="a">HIN-79444     B-283499</subfield>
  </datafield>
  <datafield tag="020" ind1=" " ind2=" ">
    <subfield code="a">8188032093</subfield>
    <subfield code="c">200.00</subfield>
  </datafield>
  <datafield tag="035" ind1=" " ind2=" ">
    <subfield code="a">HN-51790     B-283499</subfield>
  </datafield>
  <datafield tag="035" ind1=" " ind2=" ">
    <subfield code="a">B-246063</subfield>
  </datafield>
  <datafield tag="035" ind1=" " ind2=" ">
    <subfield code="a">B-246068</subfield>
  </datafield>
  <datafield tag="037" ind1=" " ind2=" ">
    <subfield code="b">D.B.Act / pub</subfield>
  </datafield>
  <datafield tag="082" ind1=" " ind2=" ">
    <subfield code="a">181.45</subfield>
  </datafield>
  <datafield tag="245" ind1=" " ind2=" ">
    <subfield code="a">&#x928;&#x93F;&#x924;&#x94D;&#x92F; &#x92A;&#x93E;&#x920; &#x936;&#x94D;&#x930;&#x940;&#x92E;&#x926;&#x94D;&#x92D;&#x917;&#x935;&#x926;&#x94D;&#x917;&#x940;&#x924;&#x93E;</subfield>
    <subfield code="c">&#x938;&#x902;&#x92A;&#x93E;&#x926;&#x930; &#x92A;&#x930;&#x92E;&#x939;&#x902;&#x938;, &#x90F;&#x938;.&#x92A;&#x940;.</subfield>
  </datafield>
  <datafield tag="246" ind1=" " ind2=" ">
    <subfield code="a">Nitya path Shrimad Bhagavad Gita</subfield>
  </datafield>
  <datafield tag="260" ind1=" " ind2=" ">
    <subfield code="a">&#x926;&#x93F;&#x932;&#x94D;&#x932;&#x940;</subfield>
    <subfield code="b">&#x926;&#x93F;&#x932;&#x94D;&#x932;&#x940; &#x92A;&#x941;&#x938;&#x94D;&#x924;&#x915; &#x938;&#x926;&#x928;</subfield>
    <subfield code="c">2007</subfield>
  </datafield>
  <datafield tag="270" ind1=" " ind2=" ">
    <subfield code="a">30/36, &#x932;&#x947;&#x928; &#x928;&#x902;.9,&#x935;&#x93F;&#x936;&#x94D;&#x935;&#x93E;&#x938; &#x928;&#x917;&#x930;,&#x936;&#x93E;&#x939;&#x926;&#x930;&#x93E;</subfield>
    <subfield code="b">&#x926;&#x93F;&#x932;&#x94D;&#x932;&#x940;</subfield>
    <subfield code="e">110032</subfield>
  </datafield>
  <datafield tag="300" ind1=" " ind2=" ">
    <subfield code="a">216&#x92A;&#x943;</subfield>
    <subfield code="c">22 &#x938;&#x947;&#x92E;&#x940; (&#x938;&#x91C;&#x93F;&#x932;&#x94D;&#x926;)</subfield>
  </datafield>
  <datafield tag="700" ind1=" " ind2=" ">
    <subfield code="a">&#x92A;&#x930;&#x92E;&#x939;&#x902;&#x938;, &#x90F;&#x938;.&#x92A;&#x940;.</subfield>
    <subfield code="9">41364</subfield>
  </datafield>
  <datafield tag="942" ind1=" " ind2=" ">
    <subfield code="a">dpl</subfield>
    <subfield code="c">HN</subfield>
    <subfield code="k">181.45 / &#x928;&#x93F;&#x924;&#x94D;&#x92F;&#x92A;&#x93E;</subfield>
    <subfield code="2">ddc</subfield>
    <subfield code="h">181.45 </subfield>
    <subfield code="m">&#x928;&#x93F;&#x924;&#x94D;&#x92F;&#x92A;&#x93E;</subfield>
  </datafield>
  <datafield tag="999" ind1=" " ind2=" ">
    <subfield code="c">2055</subfield>
    <subfield code="d">2055</subfield>
  </datafield>
  <datafield tag="952" ind1=" " ind2=" ">
    <subfield code="0">0</subfield>
    <subfield code="1">0</subfield>
    <subfield code="4">0</subfield>
    <subfield code="7">0</subfield>
    <subfield code="a">DBAD</subfield>
    <subfield code="b">DBAD</subfield>
    <subfield code="d">2008-09-10</subfield>
    <subfield code="g">200.00</subfield>
    <subfield code="l">0</subfield>
    <subfield code="o">181.45  &#x928;&#x93F;&#x924;&#x94D;&#x92F;&#x92A;&#x93E;</subfield>
    <subfield code="p">HN-51790</subfield>
    <subfield code="r">2008-09-15 00:00:00</subfield>
    <subfield code="t">1</subfield>
    <subfield code="u">2173</subfield>
    <subfield code="v">200.00</subfield>
    <subfield code="w">2008-09-15</subfield>
    <subfield code="y">HN</subfield>
  </datafield>
  <datafield tag="952" ind1=" " ind2=" ">
    <subfield code="0">0</subfield>
    <subfield code="1">0</subfield>
    <subfield code="2">ddc</subfield>
    <subfield code="4">0</subfield>
    <subfield code="7">0</subfield>
    <subfield code="8">NFIC</subfield>
    <subfield code="a">VP</subfield>
    <subfield code="b">VP</subfield>
    <subfield code="d">2008-09-24</subfield>
    <subfield code="e">&#x926;&#x93F;.&#x92A;&#x941;.&#x938;&#x926;&#x928;/080/28.7.08/105/15.7.08/29.7.08</subfield>
    <subfield code="g">200.00</subfield>
    <subfield code="l">7</subfield>
    <subfield code="m">1</subfield>
    <subfield code="o">181.45  &#x928;&#x93F;&#x924;&#x94D;&#x92F;&#x92A;&#x93E;</subfield>
    <subfield code="p">B-283499</subfield>
    <subfield code="r">2019-02-11 00:00:00</subfield>
    <subfield code="s">2019-01-22</subfield>
    <subfield code="t">1</subfield>
    <subfield code="v">200.00</subfield>
    <subfield code="w">2008-09-24</subfield>
    <subfield code="y">HN</subfield>
  </datafield>
  <datafield tag="952" ind1=" " ind2=" ">
    <subfield code="0">0</subfield>
    <subfield code="1">0</subfield>
    <subfield code="4">0</subfield>
    <subfield code="7">0</subfield>
    <subfield code="8">NFIC</subfield>
    <subfield code="a">ZLS</subfield>
    <subfield code="b">ZLS</subfield>
    <subfield code="d">2012-02-09</subfield>
    <subfield code="g">200.00</subfield>
    <subfield code="l">0</subfield>
    <subfield code="o">181.45  &#x928;&#x93F;&#x924;&#x94D;&#x92F;&#x92A;&#x93E;</subfield>
    <subfield code="p">B-246068</subfield>
    <subfield code="r">2012-02-09 00:00:00</subfield>
    <subfield code="v">200.00</subfield>
    <subfield code="w">2012-02-09</subfield>
    <subfield code="y">HN</subfield>
  </datafield>
  <datafield tag="952" ind1=" " ind2=" ">
    <subfield code="0">0</subfield>
    <subfield code="1">0</subfield>
    <subfield code="4">0</subfield>
    <subfield code="7">0</subfield>
    <subfield code="8">NFIC</subfield>
    <subfield code="a">ZLS</subfield>
    <subfield code="b">ZLS</subfield>
    <subfield code="d">2012-02-09</subfield>
    <subfield code="g">200.00</subfield>
    <subfield code="l">1</subfield>
    <subfield code="m">1</subfield>
    <subfield code="o">181.45  &#x928;&#x93F;&#x924;&#x94D;&#x92F;&#x92A;&#x93E;</subfield>
    <subfield code="p">B-246063</subfield>
    <subfield code="r">2020-02-24 00:00:00</subfield>
    <subfield code="s">2020-01-28</subfield>
    <subfield code="v">200.00</subfield>
    <subfield code="w">2012-02-09</subfield>
    <subfield code="y">HN</subfield>
  </datafield>
  <datafield tag="952" ind1=" " ind2=" ">
    <subfield code="0">0</subfield>
    <subfield code="1">0</subfield>
    <subfield code="4">0</subfield>
    <subfield code="7">0</subfield>
    <subfield code="a">BL1</subfield>
    <subfield code="b">BL1</subfield>
    <subfield code="d">2018-12-07</subfield>
    <subfield code="e">bppd/pub</subfield>
    <subfield code="g">200.00</subfield>
    <subfield code="l">1</subfield>
    <subfield code="o">181.45  &#x928;&#x93F;&#x924;&#x94D;&#x92F;&#x92A;&#x93E;</subfield>
    <subfield code="p">b-246062</subfield>
    <subfield code="r">2019-08-22 00:00:00</subfield>
    <subfield code="s">2019-08-09</subfield>
    <subfield code="v">200.00</subfield>
    <subfield code="w">2018-12-07</subfield>
    <subfield code="y">HN</subfield>
  </datafield>
</record>
